000 00773nam a2200253Ia 4500
003 OSt
005 20220923221009.0
006 a|||||r|||| 00| 0
007 ta
008 220922b |||||||| |||| 00| 0 hin d
024 _a193,536
037 _cTextual
040 _aARTS
_cARTS
_bhin
041 _2hin
_ahin
082 _aO152,3xN2, L7
100 _aश्रवण कुमार, संपा.
_9156274
245 0 _aक्यों
246 _aKyoan
260 _aजयपुर
_b चिन्मय प्रका0
_c1977
300 _a48]97पृ.
_ccm.
650 _aहिन्दी साहित्य
_9156264
942 _hO152,3xN2, L7
_cTEXL
_2CC
999 _c345984
_d345984